Biblioteca "Ernesto Sabato"
Facultad de Derecho y Ciencias Sociales
Facultad de Lenguas
Universidad Nacional del Comahue

L'Otage | Le pain dur | Le père humilié (Record no. 21197)

MARC details
000 -CABECERA
campo de control de longitud fija 00547cam a22002292a 4500
001 - NÚMERO DE CONTROL
campo de control 015439
003 - IDENTIFICADOR DEL NÚMERO DE CONTROL
campo de control AR-FADEU
008 - DATOS DE LONGITUD FIJA--INFORMACIÓN GENERAL
campo de control de longitud fija 311216n1963####xxu####################dd
092 ## - ASIGNACIÓN LOCAL DE SIGNATURA TOPOGRÁFICA DEWEY (OCLC)
Número de clasificación 842.912
Número de documento/Ítem C615o
100 ## - ENTRADA PRINCIPAL--NOMBRE DE PERSONA
Nombre de persona Claudel, Paul
245 ## - MENCIÓN DE TÍTULO
Título L'Otage
245 ## - MENCIÓN DE TÍTULO
Título Le pain dur
245 ## - MENCIÓN DE TÍTULO
Título Le père humilié
260 ## - PUBLICACIÓN, DISTRIBUCIÓN, ETC. (PIE DE IMPRENTA)
Lugar de publicación, distribución, etc. París
260 ## - PUBLICACIÓN, DISTRIBUCIÓN, ETC. (PIE DE IMPRENTA)
Nombre del editor, distribuidor, etc. Gallimard
260 ## - PUBLICACIÓN, DISTRIBUCIÓN, ETC. (PIE DE IMPRENTA)
Fecha de publicación, distribución, etc. 1963
300 ## - DESCRIPCIÓN FÍSICA
Extensión 443 p
440 ## - MENCIÓN DE SERIE/PUNTO DE ACCESO ADICIONAL--TÍTULO
Título Le livre de poche, classique
546 ## - NOTA DE LENGUA/LENGUAJE
Nota de lengua/lenguaje Francés
650 ## - PUNTO DE ACCESO ADICIONAL DE MATERIA--TÉRMINO DE MATERIA
Término de materia o nombre geográfico como elemento inicial LITERATURA FRANCESA-SIGLO XX; TEATRO/REVISADO/
942 ## - ELEMENTOS DE PUNTO DE ACCESO ADICIONAL (KOHA)
Tipo de ítem Koha BDGR
Holdings
Estado de retiro Estado de pérdida Estado dañado No para préstamo Localización permanente Ubicación/localización actual Fecha de adquisición Número de inventario Total de préstamos Signatura topográfica completa Código de barras Fecha visto por última vez Precio válido a partir de Tipo de ítem Koha
        Biblioteca Ernesto Sabato - FADECS - UNCOMA Biblioteca Ernesto Sabato - FADECS - UNCOMA 21/02/2017 8305   842.912 C615o 8305 21/02/2017 21/02/2017 BDGR
Facultad de Derecho y Ciencias Sociales | Universidad Nacional del Comahue | Mendoza y Perú General Roca | Río Negro CP (8332) | Patagonia Argentina | Teléfono: 54-0298-4433670 | | Fax: 0298-4432093 | Fax alumnos: 0298-4435700